000 00568nam a2200217Ia 4500
003 OSt
005 20230412111520.0
008 210423s2014 xx 000 0 und d
020 _a978-81-8411-542-0
040 _cAL
041 _aeng
082 _a546
_223
_bSIWA
100 _aSIWACH (Ravi Kumar)
_986776
245 _aAdvanced inorganic chemistry
260 _aNew Delhi
_bSonali Publications
_c2014
300 _a1,317
_bHB
365 _b1200
_cINR
650 _aInorganic Chemistry
_986777
906 _aAdvanced ; chemistry ; inorganic
942 _2ddc
_cBK
999 _c169731
_d169731